Giáo trình cơ thể gia súc A
Tài liệu giới thiệu một cách chi tiết các vấn đề liên quan đến cơ thể học gia súc bao gồm hệ xương, khớp xương, cơ học, hệ thậm kinh, hệ tim mạch, hệ hô hấp, hệ tiêu hóa, hệ niệu sinh dục, hệ nội tiết, cơ quan cảm giác và cơ thể...
שמור ב:
| פורמט: | ספר |
|---|---|
| שפה: | Undetermined |
| יצא לאור: |
Cần Thơ
Trường Đại học Cần Thơ
2007
|
| נושאים: | |
| תגים: |
הוספת תג
אין תגיות, היה/י הראשונ/ה לתייג את הרשומה!
|
| Thư viện lưu trữ: | Trung tâm Học liệu Trường Đại học Cần Thơ |
|---|
| LEADER | 00944nam a2200193Ia 4500 | ||
|---|---|---|---|
| 001 | CTU_134728 | ||
| 008 | 210402s9999 xx 000 0 und d | ||
| 082 | |a 636.0891 | ||
| 082 | |b H531a | ||
| 245 | 0 | |a Giáo trình cơ thể gia súc A | |
| 245 | 0 | |c Lăng Ngọc Huỳnh | |
| 260 | |a Cần Thơ | ||
| 260 | |b Trường Đại học Cần Thơ | ||
| 260 | |c 2007 | ||
| 520 | |a Tài liệu giới thiệu một cách chi tiết các vấn đề liên quan đến cơ thể học gia súc bao gồm hệ xương, khớp xương, cơ học, hệ thậm kinh, hệ tim mạch, hệ hô hấp, hệ tiêu hóa, hệ niệu sinh dục, hệ nội tiết, cơ quan cảm giác và cơ thể học gia cầm | ||
| 650 | |a Cattle,Gia súc | ||
| 650 | |x Anatomy,Cơ thể học | ||
| 904 | |i Huỳnh Mai | ||
| 980 | |a Trung tâm Học liệu Trường Đại học Cần Thơ | ||